| 000 | 00551nam a22001697a 4500 | ||
|---|---|---|---|
| 003 | OSt | ||
| 005 | 20260415004941.0 | ||
| 008 | 260415b |||||||| |||| 00| 0 eng d | ||
| 040 |
_aDWCL GS lib _cOC |
||
| 082 | _aSC. 306 K96 2005 | ||
| 100 | _aPostma, Antoon | ||
| 245 |
_akultura mangyan 1: _btinipon ni bapa _cAntoon Postma |
||
| 260 |
_aPhilippines _bMangyan Heritage Center _cc2005 |
||
| 300 |
_a401 _bimages, B&W illustrations _c28cm |
||
| 700 | _aAntoon Postma | ||
| 942 |
_2ddc _cSC _hSC. 306 K96 2005 _n0 |
||
| 999 |
_c9421 _d9421 |
||